000
00321nam a22001457a 4500
003
OSt
005
20160727222350.0
008
160622b xxu||||| |||| 00| 0 eng d
040
_c
TEST
100
_9
372
_a
Cook, R,
245
_a
Nortal Fear
260
_a
N.D
_b
Rupa & Comp.
_c
1988
300
_a
Nortal Fear
942
_2
ddc
_c
BK
999
_c
301
_d
301